LIBRARY & INFORMATION CENTRE, KCAET, TAVANUR

ONLINE PUBLIC ACCESS CATALOGUE (OPAC)

Modification and performance evaluation of a mechanical mixer for preparation of biocontrol agents used in agriculture (Record no. 15053)

MARC details
000 -LEADER
fixed length control field 00779nam a22001817a 4500
003 - CONTROL NUMBER IDENTIFIER
control field OSt
088 ## - REPORT NUMBER
Report number P 301
100 ## - MAIN ENTRY--AUTHOR NAME
Personal name AJMAL T. M
-- SHAHALA T. P
245 ## - TITLE STATEMENT
Title Modification and performance evaluation of a mechanical mixer for preparation of biocontrol agents used in agriculture
260 ## - PUBLICATION, DISTRIBUTION, ETC. (IMPRINT)
Place of publication Tavanur 2015
Name of publisher DEPARTMENT OF FARM POWER MACHINERY AND ENERGY
300 ## - PHYSICAL DESCRIPTION
Number of Pages 35
500 ## - GENERAL NOTE
General note Modification and performance evaluation of a mechanical mixer for preparation of bio-control agents used in agriculture
520 ## - SUMMARY, ETC.
Summary, etc Talc based bio-control agents - KCAET workshop modified mixer- user friendly
700 ## - ADDED ENTRY--PERSONAL NAME
Personal name Er. Shivaji K. P (Guide)
856 ## - ELECTRONIC LOCATION AND ACCESS
Uniform Resource Identifier https://drive.google.com/open?id=1FObpl5S44H_WwOWNUP_NK5myG97GNH0L
942 ## - ADDED ENTRY ELEMENTS (KOHA)
Koha item type Project Report
Holdings
Collection code Home library Current library Shelving location Full call number Accession Number Koha item type
Reference KAUAET KAUAET Reference 631.3 AJM/MO P 301 Project Report
free website counter